Polskie Miasta - Rozsypanka Literowa - Statystyki

Ogólne statystyki
  • Ten quiz został rozwiązany 250 razy
  • Średni wynik to 17 z 18
Statystyki odpowiedzi
ZYSROPKAAN (ROZSYPANKA) Odpowiedź % Poprawnych
ZYOBDGZSC Bydgoszcz
100%
KDASGŃ Gdańsk
100%
ÓWARKK Kraków
100%
ÓŹDŁ Łódź
100%
ŃOZAPN Poznań
100%
ŃTUOR Toruń
100%
AAWSARSWZ Warszawa
100%
OOPEL Opole
98%
ŁWARWCO Wrocław
98%
INBLUL Lublin
97%
ZESCIZNC Szczecin
97%
ÓRAG IELZANO Zielona Góra
96%
IEELCK Kielce
95%
ÓWRESZZ Rzeszów
95%
ÓWZROG ISKOLPOIELKW Gorzów Wielkopolski
94%
EIKAWOTIC Katowice
94%
KYŁOTSABI Białystok
86%
YTNLOZS Olsztyn
82%
Nie znaleziono quizów pasujących do podanych kryteriów
Rozkład punktacji
Procent ludzi z każdym wynikiem
Percentyl według liczby udzielonych odpowiedzi
Twoja historia wyników
Nie rozwiązałeś tego quizu